| 000 | 00351cam a2200145ua 4500 | ||
|---|---|---|---|
| 082 |
_a604.2 _bBHA/EL |
||
| 100 |
_aBhatt, N D. _91433 |
||
| 245 | _aElementary Engineering Drawing / | ||
| 250 | _a44 / | ||
| 260 |
_aNew Delhi : _bCharotar Book Stall , _c2006. |
||
| 300 | _a491 ; . | ||
| 500 | _a*CSS | ||
| 700 | 1 |
_aPanchal, V.M . _91434 |
|
| 942 | _cBK | ||
| 999 |
_c8749 _d8749 |
||